01294nam a22003737a 4500001001000000003000900010005001700019007000300036008003400039040005400073041001000127072001500137090001800152100002100170100001400191100001700205100002000222100001900242100001800261110007100279245016800350260004700518300000900565500004400574650000900618650001700627650001800644650002500662650002300687909003600710942000700746999001700753952015000770BR8206186BR-BrBNA20230928091455.0ta230509b bl.||||| |||| 00| 0 por d aBR-BrBNAbporcBiblioteca Nacional de Agricultura a(Por) aF24b/G514  F24 BR82061861 aSantos, A.P. dos1 aKux, H.J.1 aSausen, T.M.1 aBueno, A.M.T.R.1 aSouza, L.F. de1 aNunes, J.S.D.1 aInstituto de Pesquisas Espaciais, Sao Jose dos Campos, SP (Brasil)1 aMapeamento do uso da terra e da geomorfologia na area do projeto Apapore, Mato Grosso do Sul, atraves de dados do satelite LANDSAT v. 3 [Brasil]bINPE-2564-RPE/4233 aSao Jose dos Campos, SP (Brasil): c1982.  a3 p. a24 Maps, scale 1:250,000; Summary (Por) aMAPA aUSO DA TERRA aGEOMORFOLOGIA aSENSORIAMENTO REMOTO aMATO GROSSO DO SUL a202309bLuciac55dLucia Elande cBK c34020d34020 002AGRIS40708AGROBASEa41918b41918l0o F24 BR8206186pF24 BR8206186r2023-09-25t01yBK10d2023-09-25ePortaria Interministerial nÂș 164/94